| 000 | 00909nac a2200253 i 4500 | ||
|---|---|---|---|
| 003 | EG-ScBUE | ||
| 005 | 20250521084340.0 | ||
| 008 | 250426t1973 maua f b 001 0 eng d | ||
| 040 |
_aEG-ScBUE _beng _erda _cEG-ScBUE _dEG-ScBUE |
||
| 082 | 0 | 4 |
_a532 _bCAM _222 |
| 100 | 1 |
_aCampbell, Robert Gordo, _eauthor. |
|
| 245 | 1 | 0 |
_aFoundations of fluid flow theory / _cR. Gordon Campbell, Rensselaer-Hartford Graduate Center. |
| 264 | 1 |
_aReading, Massachusetts, _bAddison-Wesley Publication Company, _c[1973] |
|
| 264 | 4 | _cc1973 | |
| 300 |
_axiii, 434 pages : _billustrations ; _c25 cm. |
||
| 336 |
_2rdacontent _atext _btxt |
||
| 337 |
_aunmediated _2rdamedia _bn |
||
| 338 |
_avolume _bnc _2rdacarrier |
||
| 490 | 0 | _aAddison-Wesley series in mechanics and thermodynamics | |
| 504 | _aIncludes bibliographical references and index. | ||
| 650 | 7 |
_aFluid mechanics. _2BUEsh |
|
| 655 | _vReading book | ||
| 942 |
_cBB _2ddc |
||
| 999 |
_c6452 _d6452 |
||